000 01250cam a2200229 4500
001 ##L132462
008 060210n2003 000 0 eng u
020 _a1903287391
035 _a(Sirsi) u132462
041 0 _aeng
050 0 4 _a696.12 $2 18
100 1 _aBrown, Reginald
245 0 0 _aWater distribution systems
_bCIBSE commissioning code W
260 _aLondon
_bThe Chartered Institution of Building Services Engineers
_c2003
300 _a28p
_bdiagrams, tables
_c30cm
350 _a43
520 _aProvides recommendations and guidance on current standards of good commissioning practice for balancing and regulating water flow rates in water distribution systems. Discusses safety issues, design for commissionability, specification issues, project management commissioning, pre-commissioning, setting pumps to work and evaluation and witnessing of commissioned systems. Appendices contain design information and flow measurement and regulation.
650 2 4 _aBUILDING REGULATIONS 2000 APPROVED DOCUMENT L1 (2002 EDITION)
650 2 4 _aBUILDING REGULATIONS 2000 APPROVED DOCUMENT L2 (2002 EDITION)
690 _aBUILT ENVIRONMENT-BUILDING ELEMENTS-COMPLETE BUILDING SERVICES ELEMENTS-COMPLETE WATER SUPPLY SYSTEMS
942 _n0
999 _c105144
_d105144